000
00327nam a2200157Ia 4500
100
_a
Taylor/Paul D
250
_a
2
020
_a
`
942
_c
RB
654
_a
thyristor
245
_a
Thyristor design and realization
260
_b
John Wiley
_c
1986
082
_a
621.3815287
_b
TAY
300
_a
219
546
_a
ENGLISH
999
_c
34004
_d
34004